Ekonomické aspekty rozvoja agroturistiky a postup pri hodnotení investícií.

Agroturistika ako druh podnikateľskej činnosti. Posudzovanie efektívnosti a zisku v agroturistike. Stanovenie investičných nákladov, nákladov na kapitál, výnosovosti investície, reprodukčnej ziskovej návratnosti a stanovenie vnútorného výnosového percenta. Skúsenosti a závery z rozvoja agroturistiky...

Descrizione completa

Salvato in:
Dettagli Bibliografici
Autore principale: Srnková, Ľ.
Natura: Capitolo di libro
Lingua:slovacco
Soggetti:
Tags: Aggiungi Tag
Nessun Tag, puoi essere il primo ad aggiungerne!!

MARC

LEADER 00000naa a2200000 4500
001 r012613
005 20220826094525.5
041 0 |a slo 
044 |a SK 
245 1 0 |a Ekonomické aspekty rozvoja agroturistiky a postup pri hodnotení investícií.  |c Ľ. Srnková 
520 |a Agroturistika ako druh podnikateľskej činnosti. Posudzovanie efektívnosti a zisku v agroturistike. Stanovenie investičných nákladov, nákladov na kapitál, výnosovosti investície, reprodukčnej ziskovej návratnosti a stanovenie vnútorného výnosového percenta. Skúsenosti a závery z rozvoja agroturistiky u nás a v zahraničí. 
610 2 0 |a agroturistika 
610 2 0 |a efektívnosť 
610 2 0 |a zisk 
610 2 0 |a náklady investičné 
610 2 0 |a investície 
100 1 |a Srnková, Ľ.